01005cam a2200301I 45000010005000000030008000050050017000130080041000300350017000710350018000880350020001060400047001260410008001730820025001810900022002061000057002282450055002852600032003403000026003725040020003986100052004186500032004709420012005029460006005149490022005209990015005429520146005575736BD-RjUL20211208234122.0140107t1951 nyu 001 0 eng d aMITb10896532 a(BD-RjUL)5775 a(OCoLC)00712980 aWSUcWSUdOCLdVXXdMDYdMYGdBD-RjULbeng aeng04a370.72216bKEW 1951 aLB1743b.K4x 19511 aKelley, Earl C.q(Earl Clarence),d1895-1970.91800214aThe workshop way of learning /cby Earl C. Kelley. aNew York :bHarper,cc1951. axiv, 169 p. ;c21 cm. aIncludes index.20aWayne University.bCollege of Education.918012 0aTeachers' workshops.918004 2ddccBK at acp39080020345283 c5736d5736 00102ddc40718NFICaRUCLbRUCLcreadingd1957-10-11eP. A. Commercialg18.00l0o370.72 KEW 1951r2014-01-07 00:00:00tC-1w2014-01-07yBK